00946naa#a2200193#i#4500001001600000005001700016011001400033100004100047102000700088200026400095210015700359215001000516608004500526700005600571700005200627700002800679700002800707856001700735RU\\bibl\12307020260513231244.3##a3034-4689##a20260508b2026####ek#y0rusy0150####ca##aRU1#aЭМИССИЯ СВОБОДНОГО ФОРМАЛЬДЕГИДА КАК ПОКАЗАТЕЛЬ СТРУКТУРООБРАЗОВАНИЯ ЛИГНОЦЕЛЛЮЛОЗНЫХ ПЛАСТИКОВ БЕЗ СВЯЗУЮЩИХ ВЕЩЕСТВeЖурнальная статья1#aКазаньcКазанский национальный исследовательский технологический университетd2026##a6 с.##aЖурнальная статья2local#1aАртёмовgАртём Вячеславович#1aШкуроgАлексей Евгеньевич#1aЯкубоваgТ. В.#1aБурындинgВ Г4#avestniktu.ru